000 00729nam a22001937a 4500
999 _c14103
_d14103
003 AR-CdUCM
008 190422b ||||| |||| 00| 0 spa d
040 _aMUNICIPALIDAD PROVINCIAL DEL CUSCO
_cBIBLIOTECA MUNICIPAL DEL CUSCO
082 _a305 /
_bP86
110 _aCasa de la mujer CEPAM
_932770
245 _aPrimer encuentro de mujeres de organizaciones barriales de Quito /
260 _aQuito :
_bEdiciones Guzman,
_c1984.
300 _a20 paginas ;
_bIlustraciones,
_c22 cm.
505 _aContenido : Participantes -- Objetivos -- La mujer -- La mujer compaƱera -- La mujer trabajadora...
650 _aMujer
_9143
700 _aRodriguez, Lilia (Edición)
_932771
942 _2ddc
_cFOLLETOS
945 _awnts
_d2019-04-22